000 00608nam a2200217Ia 4500
005 20250923144640.0
008 008 250917s9999 xx 000 0 eng d
037 _aTextual
040 _aDSWL
_beng
_cDSWL
041 _aeng
_2eng
084 _aY744;1, M08.2
_qDSWL
100 _aTennant, Rev. William
_9826995
245 0 _aIndian Recreations
_cby Rev. Tennant William
260 _aLondon
_b Edinburgh John Adenson
_c1803
300 _axiv,386p.
365 _aINR
_b16
490 _vVol. II
925 _g16
942 _cTEXL
_hY744;1, M08.2
999 _c1441614
_d1441614